000
00415nam a2200145Ia 4500
008
100204s9999 xx 000 0 und d
082
_b
3544
100
_a
काटे श्रीकांत
245
_a
पाउलखुणा
260
_b
नेत्रा प्रकाशन
_c
1980
300
_a
121
630
_a
पाउलखुणा
730
_a
पाउलखुणा
942
_c
BOOK
999
_c
465557
_d
465554